Geelong Cats 2025 AFLW Playing List - Statistics

General Stats
  • This quiz has been taken 2 times
  • The average score is 17 of 32
Answer Stats
Jumper # Player Name % Correct
3 Amy McDonald
100%
14 Chloe Scheer
100%
26 Claudia Gunjaca
100%
5 Jacqueline Parry
100%
11 Meghan McDonald
100%
30 Alexis Gregor
50%
18 Anna-Rose Kennedy
50%
2 Bella K. Smith
50%
23 Bryde O'Rourke
50%
25 Caitlin Thorne
50%
4 Caitlin Tipping
50%
24 Chantal Mason
50%
16 Chantel Emonson
50%
27 Emma Kilpatrick
50%
17 Erica Fowler
50%
32 Gabbi Featherston
50%
41 Georgie Prespakis
50%
10 Georgie Rankin
50%
6 Julia Crockett-Grills
50%
8 Kate Darby
50%
12 Kate Kenny
50%
7 Kate Surman
50%
1 Mikayla Bowen
50%
9 Nina Morrison
50%
22 Rachel Kearns
50%
21 Rebecca Webster
50%
15 Shelley Scott
50%
13 Sienna Tallariti
50%
20 Zali Friswell
50%
45 Aishling Moloney
0%
44 Melissa Bragg
0%
38 Piper Dunlop
0%
No matching quizzes found
Score Distribution
Percent of People with Each Score
Percentile by Number Answered
Your Score History
You have not taken this quiz